|
|
|
|
| LEADER |
00733nab a2200193 i 4500 |
| 001 |
publ37838 |
| 005 |
20251020160533.0 |
| 008 |
251020s2008 hu o 000 hun d |
| 022 |
|
|
|a 0237-7896
|
| 024 |
7 |
|
|a 2438962
|2 mtmt
|
| 040 |
|
|
|a SZTE Publicatio Repozitórium
|b hun
|
| 041 |
|
|
|a hun
|
| 100 |
1 |
|
|a Kelemen Oguz
|
| 245 |
1 |
0 |
|a Vizuális pályarendszerek érintettsége neurodevelopmentális betegségekben [Visual pathways are affected in neurodevelopmental diseases]
|h [elektronikus dokumentum] /
|c Kelemen Oguz
|
| 260 |
|
|
|c 2008
|
| 300 |
|
|
|a 177-185
|
| 490 |
0 |
|
|a PSYCHIATRIA HUNGARICA
|v 23 No. 3
|
| 650 |
|
4 |
|a Klinikai orvostan
|
| 856 |
4 |
0 |
|u http://publicatio.bibl.u-szeged.hu/37838/1/243896266.Vizualispalyarendszerek.pdf
|z Dokumentum-elérés
|